Democracia y sistema de mercado : (Record no. 3363)

000 -CABECERA
fixed length control field 01253nam a22002657a 4500
003 - IDENTIFICADOR DEL NÚMERO DE CONTROL
control field AR-CdUCM
008 - DATOS DE LONGITUD FIJA--INFORMACIÓN GENERAL
fixed length control field 190306b ||||| |||| 00| 0 spa d
020 ## - NÚMERO INTERNACIONAL ESTÁNDAR DEL LIBRO
ISBN 968-16-4918-4
040 ## - FUENTE DE LA CATALOGACIÓN
Agencia/entidad que catalogó originalmente la obra MUNICIPALIDAD PROVINCIAL DEL CUSCO
Entidad que transcribió la catalogación BIBLIOTECA MUNICIPAL DEL CUSCO
082 ## - NÚMERO DE LA CLASIFICACIÓN DECIMAL DEWEY
No. de Clasificación 338.9 /
Notacion interna L65
100 ## - ENTRADA PRINCIPAL--NOMBRE DE PERSONA
Nombre Personal Lindblom, Charles E.
245 ## - MENCIÓN DE TÍTULO
Título Democracia y sistema de mercado :
Resto del título Estudio introductorio de Carlos Sirvent /
260 ## - PUBLICACIÓN, DISTRIBUCIÓN, ETC.
Lugar de publicación, distribución, etc. México :
Nombre de la editorial, distribuidor, etc. Colegio Nacional de Ciencias Políticas y Administración Pública,
-- Universidad Autónoma del Estado de Hidalgo,
-- Fondo de Cultura Económica,
Fecha de publicación, distribución, etc. 1999.
300 ## - DESCRIPCIÓN FÍSICA
Nº de Páginas Extensión 504 páginas ;
Dimensiones 21 cm.
440 ## - MENCIÓN DE SERIE/PUNTO DE ACCESO ADICIONAL--TÍTULO
Título Serie, Nuevas Lecturas de Política y Gobierno.
9 (RLIN) 11133
505 ## - NOTA DE CONTENIDO CON FORMATO
Nota de contenido formateada Contenido: Democracia y sistema de mercado -- Democracia y estructura económica (1962) -- Redescubrimiento del mercado (1966) --La democratización y sus problemas en los Estados Unidos (1980) -- La elaboración de políticas ...
650 ## - PUNTO DE ACCESO ADICIONAL DE MATERIA--TÉRMINO DE MATERIA
Descriptor Política económica
9 (RLIN) 1407
650 ## - PUNTO DE ACCESO ADICIONAL DE MATERIA--TÉRMINO DE MATERIA
Descriptor Ciencia política
9 (RLIN) 1775
650 ## - PUNTO DE ACCESO ADICIONAL DE MATERIA--TÉRMINO DE MATERIA
Descriptor Estados Unidos
9 (RLIN) 1805
700 ## - PUNTO DE ACCESO ADICIONAL--NOMBRE DE PERSONA
Nombre Personal Calderón, José Esteban (traducción)
9 (RLIN) 11134
942 ## - ELEMENTOS DE PUNTO DE ACCESO ADICIONAL (KOHA)
Fuente de clasificación
Tipo de item Libros-BMC
945 ## - PROCESAMIENTO DE INFORMACIÓN LOCAL (OCLC)
Catalogador achl
Holdings
Estado de retiro (separado) Fuente de clasificación o esquema de estanterías Estado dañado Ubicación Sala donde se ubica Nombre de la colección Fecha de adquisición o compra Costo, precio normal en soles Signatura topográfica Código de Barras Última vez visto (Koha) Tipo de ítem (Koha)
No     Sala Humanidades Sala Humanidades Book Cart 2019-03-06 30.00 338.9 / L65 SH0000003679 2019-03-06 Libros-BMC

Powered by Koha